MARC

LEADER 00000nam0a2200000 4500
001 375713
005 20231102012747.0
035 |a (RuTPU)RU\TPU\retro\33152 
035 |a RU\TPU\book\280066 
090 |a 375713 
100 |a 20221221d1987 k y0rusy50 ca 
101 0 |a rus 
102 |a RU 
105 |a a z 000zy 
200 1 |a Тенденции развития и методы прогнозирования энергетики стран-членов СЭВ  |f под ред. А. А. Макарова, Д. Б. Вольфберга 
210 |a Москва  |c Энергоатомиздат  |d 1987 
215 |a 264 с.  |c ил. 
606 1 |a Энергетика  |2 stltpush  |3 (RuTPU)RU\TPU\subj\21200  |9 46224 
610 1 |a топливно-энергетический комплекс 
610 1 |a СЭВ 
610 1 |a Совет экономической взаимопомощи 
610 1 |a страны 
610 1 |a сотрудничество 
610 1 |a капиталистические страны 
610 1 |a энергопотребление 
610 1 |a прогнозирование 
610 1 |a производственная структура 
610 1 |a оптимизация 
610 1 |a информационно-вычислительные системы 
675 |a 620.9  |v 3 
702 1 |a Макаров  |b А. А.  |4 340 
702 1 |a Вольфберг  |b Д. Б.  |4 340 
801 1 |a RU  |b 63413507  |c 20140415 
801 2 |a RU  |b 63413507  |c 20221221  |g RCR 
942 |c BK